000 00327nam a2200133Ia 4500
008 210210b1986 xxu||||| |||| 00| 0 eng d
082 _a346 MATL
100 _aMATHEW (P D) & BAKSHI (P M).
245 _aLaw of wills.
260 _aND
_bIndian social institute
_c1986
300 _a24
690 _aPrivate Law
906 _a038901
999 _c88897
_d88897